000 00606nam a2200205 4500
001 108210
003 ES-MaACL
005 20230906184612.0
007 t|
008 061121s1963 sp r ||||1| spa d
100 1 _aMolt, Walter.
_982069
245 1 0 _aHambrientos de pan y libertad /
_cWalter Molt; con un prólogo de Ernst Majonica.
260 _aMadrid :
_bEuramerica,
_c1963.
300 _a238 p. ;
_c18 cm.
490 1 _aCristianismo y mundo.
700 1 _aMajonica, Ernst.
_975651
830 0 _aCristianismo y mundo.
_9182010
852 _aES-MaACL
_jG-9863
_bR.53059
999 _c108210
_d108210